| 000 | 00646nam a22002057a 4500 | ||
|---|---|---|---|
| 005 | 20140219122229.0 | ||
| 010 | _aENG-108484 | ||
| 020 | _c1000.00 | ||
| 035 | _aEN-92017 | ||
| 037 | _bDBAD/PUB | ||
| 082 | _a934 | ||
| 245 |
_aExcavations at Kalibangan : _cby B.B.LAL...[et al] _bthe early Harappans / |
||
| 260 |
_aNew Delhi _bArchaeological Survey of India _c2003 |
||
| 270 |
_bNew Delhi _aArchaeological Survey of India |
||
| 300 |
_axiii, 340p. : _bill. (some col.), maps _c29cm(Hb) |
||
| 650 | _aIndus civilization | ||
| 700 | _aLal, B.B. | ||
| 710 | _aArchaeological Survey of India | ||
| 942 |
_2ddc _cEN _mLAL _h934 |
||
| 999 |
_c79128 _d79128 |
||